| 000 | 00906nam a22002297a 4500 | ||
|---|---|---|---|
| 003 | SEM | ||
| 999 |
_c51632 _d51632 |
||
| 005 | 20220608072024.0 | ||
| 008 | 191015b ||||| |||| 00| 0 arm d | ||
| 020 | _a9789939640211 | ||
| 040 |
_aSEM _cSEM |
||
| 041 | _aarm. | ||
| 080 | _a34(47.925)/Փ-69 | ||
| 100 | _aՓխրիկյան Ալինա | ||
| 245 |
_aՌեցեպցիայի ենթարկված իրավունքի աղբյուրները միջնադարյան Հայաստանում: / _cԱ. Փխրիկյան; Պատ. խմբ.՝ Գ. Սաֆարյան; Խմբ.՝ Ա. Կարապետյան |
||
| 260 |
_aԵրևան: _bԼիմուշ, _c2010. |
||
| 300 |
_a176 էջ; _c20 սմ |
||
| 504 | _aՕգտ. գրակ. ցանկ՝ էջ 166-175 | ||
| 650 |
_aԻրավաբանություն _zՀայաստան |
||
| 700 |
_aՍաֆարյան Գ. _eպատ. խմբ. _4res. edt. |
||
| 700 |
_aԿարապետյան Ա. _eխմբ. _4edt. |
||
| 942 |
_2udc _cBK |
||